| 000 | 01022nam a2200241 i 4500 | ||
|---|---|---|---|
| 001 | bg | ||
| 245 | 0 | 0 |
_aKorytarz ekologiczny doliny Wisły = _bVistula as an ecological corridor : stan, funkcjonowanie, zagrożenia : praca zbiorowa = state, functioning, threats / _cpod red. Ewy Gackiej-Grzesikiewicz ; IUCN [The International World Conservation Union] - Program Europy. |
| 260 |
_aWarszawa : _bFundacja IUCN Poland, _c1995. |
||
| 300 |
_a197, [1] s., [12] s. fot. kolor., [5] k. tabl. złoż. : _bmapy, wykr. ; _c24 cm. |
||
| 504 | _aBibliogr. s. 180-[194]. - Summ. | ||
| 650 | 9 |
_aŚrodowisko człowieka _xhigiena i ochrona _zPolska |
|
| 651 | 9 |
_aWisła (dolina) _xfauna i flora |
|
| 651 | 9 |
_aWisła (rzeka) _xfauna i flora |
|
| 651 | 9 |
_aWisła (rzeka) _xhydrotechnika |
|
| 700 | 1 |
_aGACKA-GRZESIKIEWICZ, Ewa. _eRed. |
|
| 020 | _a831702402 | ||
| 040 | _cBPK | ||
| 041 | 0 |
_apol _beng |
|
| 080 | _a502.5:504:627.4/.5](438) | ||
| 920 | _aisbn 2-8317-0240-2 | ||
| 942 | _cKS | ||
| 008 | s pl f |000 0 pol | ||
| 999 |
_c30873 _d30873 |
||
| 856 |
_uhttp://koha.tu.koszalin.pl/cgi-bin/koha/opac-detail.pl?biblionumber=30873 _yKatalog online BPK |
||